Swadhinuttar kalor bharatar shikshar bikash (Major12)/ (Record no. 12311)
[ view plain ]
| 000 -LEADER | |
|---|---|
| fixed length control field | 00694nam a22002177a 4500 |
| 005 - DATE AND TIME OF LATEST TRANSACTION | |
| control field | 20260515115124.0 |
| 008 - FIXED-LENGTH DATA ELEMENTS--GENERAL INFORMATION | |
| fixed length control field | 260317b |||||||| |||| 00| 0 eng d |
| 020 ## - INTERNATIONAL STANDARD BOOK NUMBER | |
| International Standard Book Number | 9789347492112 |
| 040 ## - CATALOGING SOURCE | |
| Original cataloging agency | IN-DiNC |
| Transcribing agency | IN-DiNC |
| 041 ## - LANGUAGE CODE | |
| Language code of sung or spoken text | asm |
| 082 ## - DEWEY DECIMAL CLASSIFICATION NUMBER | |
| Classification number | 370.54 |
| Item number | CHA |
| 100 ## - MAIN ENTRY--PERSONAL NAME | |
| Personal name | Chaliha, Beda Kumar |
| Relator term | author |
| 245 ## - TITLE STATEMENT | |
| Title | Swadhinuttar kalor bharatar shikshar bikash (Major12)/ |
| Statement of responsibility, etc. | by Beda Kumar Chaliha, Tarun Saikia and Runu Bora Saikia |
| 250 ## - EDITION STATEMENT | |
| Edition statement | 1st ed. |
| 260 ## - PUBLICATION, DISTRIBUTION, ETC. | |
| Place of publication, distribution, etc. | Jorhat: |
| Name of publisher, distributor, etc. | Bidya bhawan, |
| Date of publication, distribution, etc. | 2026. |
| 300 ## - PHYSICAL DESCRIPTION | |
| Extent | 344p. |
| 650 ## - SUBJECT ADDED ENTRY--TOPICAL TERM | |
| Topical term or geographic name entry element | Development of education in post independent India (Major12) |
| 700 ## - ADDED ENTRY--PERSONAL NAME | |
| Personal name | Saikia, Tarun |
| Relator term | author |
| 700 ## - ADDED ENTRY--PERSONAL NAME | |
| Personal name | Saikia, Runu Bora |
| Relator term | author |
| 942 ## - ADDED ENTRY ELEMENTS (KOHA) | |
| Source of classification or shelving scheme | Dewey Decimal Classification |
| Koha item type | Books |
| Withdrawn status | Lost status | Source of classification or shelving scheme | Damaged status | Not for loan | Collection | Home library | Current library | Shelving location | Date acquired | Cost, normal purchase price | Total checkouts | Full call number | Barcode | Date last seen | Date last checked out | Copy number | Price effective from | Koha item type |
|---|---|---|---|---|---|---|---|---|---|---|---|---|---|---|---|---|---|---|
| Dewey Decimal Classification | Naharkatiya College Library | Naharkatiya College Library | General stacks | 03/17/2026 | 320.00 | 1 | 370.54 CHA | 31233 | 03/23/2026 | 03/23/2026 | 1 | 03/17/2026 | Books | |||||
| Dewey Decimal Classification | Naharkatiya College Library | Naharkatiya College Library | General stacks | 03/17/2026 | 320.00 | 1 | 370.54 CHA | 31234 | 03/20/2026 | 03/20/2026 | 2 | 03/17/2026 | Books | |||||
| Dewey Decimal Classification | Naharkatiya College Library | Naharkatiya College Library | General stacks | 03/17/2026 | 320.00 | 1 | 370.54 CHA | 31235 | 03/23/2026 | 03/23/2026 | 3 | 03/17/2026 | Books | |||||
| Dewey Decimal Classification | Naharkatiya College Library | Naharkatiya College Library | General stacks | 03/17/2026 | 320.00 | 1 | 370.54 CHA | 31236 | 03/20/2026 | 03/20/2026 | 4 | 03/17/2026 | Books | |||||
| Dewey Decimal Classification | Naharkatiya College Library | Naharkatiya College Library | General stacks | 03/17/2026 | 320.00 | 1 | 370.54 CHA | 31237 | 03/20/2026 | 03/20/2026 | 5 | 03/17/2026 | Books | |||||
| Dewey Decimal Classification | Naharkatiya College Library | Naharkatiya College Library | General stacks | 04/01/2026 | 320.00 | 370.54 CHA | 31326 | 04/01/2026 | 6 | 04/01/2026 | Books | |||||||
| Dewey Decimal Classification | Naharkatiya College Library | Naharkatiya College Library | General stacks | 04/01/2026 | 320.00 | 370.54 CHA | 31327 | 04/01/2026 | 7 | 04/01/2026 | Books | |||||||
| Dewey Decimal Classification | Naharkatiya College Library | Naharkatiya College Library | General stacks | 04/01/2026 | 320.00 | 370.54 CHA | 31328 | 04/01/2026 | 8 | 04/01/2026 | Books | |||||||
| Dewey Decimal Classification | Naharkatiya College Library | Naharkatiya College Library | General stacks | 04/01/2026 | 320.00 | 370.54 CHA | 31329 | 04/01/2026 | 9 | 04/01/2026 | Books | |||||||
| Dewey Decimal Classification | Naharkatiya College Library | Naharkatiya College Library | General stacks | 04/01/2026 | 320.00 | 370.54 CHA | 31330 | 04/01/2026 | 10 | 04/01/2026 | Books |